Terraria - All Enemies (1.3.5.3) - Statistics

General Stats
  • This quiz has been taken 1,588 times
  • The average score is 82 of 326
Answer Stats
Enemy % Correct
Zombie
88%
Blue Slime
84%
Green Slime
84%
King Slime
81%
Skeletron
79%
Moon Lord
77%
Eater of Worlds
75%
Eye of Cthulhu
75%
The Destroyer
74%
The Twins
74%
Skeletron Prime
73%
Golem
72%
Plantera
72%
Queen Bee
70%
Wall of Flesh
70%
Moth
69%
Brain of Cthulhu
68%
Skeleton
67%
Demon
66%
Purple Slime
65%
Red Slime
65%
Duke Fishron
64%
Lunatic Cultist
60%
Pinky
60%
Yellow Slime
58%
Black Slime
55%
Mother Slime
55%
Pumpking
54%
Shark
54%
Blood Zombie
53%
Bee
52%
Flying Fish
52%
Ice Queen
52%
Cave Bat
50%
Demon Eye
50%
Umbrella Slime
50%
Goblin Archer
48%
Harpy
48%
Jungle Slime
48%
Mothron
48%
Wyvern
48%
Betsy
47%
Hornet
47%
Mourning Wood
47%
Solar Pillar
47%
Ice Slime
46%
Rainbow Slime
45%
Vortex Pillar
45%
Drippler
44%
Goblin Warrior
44%
Lava Slime
44%
Nebula Pillar
44%
Jungle Bat
43%
Stardust Pillar
43%
Unicorn
43%
Flying Dutchman
42%
Ogre
42%
Eater of Souls
41%
Everscream
41%
Santa-NK1
41%
Martian Saucer
40%
Pirate Captain
40%
Man Eater
39%
Antlion
38%
Mimic
38%
Pixie
38%
Hellbat
37%
Blue Jellyfish
36%
The Possessed
36%
Tim
36%
Vampire
36%
Voodoo Demon
36%
Baby Slime
35%
Clown
35%
Goblin Sorcerer
35%
Goblin Thief
35%
Angry Bones
34%
Face Monster
34%
Raincoat Zombie
34%
The Groom
34%
Goblin Summoner
33%
Green Jellyfish
33%
Ice Golem
33%
Nymph
33%
Sand Elemental
33%
The Bride
33%
Dungeon Guardian
32%
Servant of Cthulhu
32%
Crab
31%
Dark Mage
31%
Giant Bat
31%
Goblin Scout
31%
Headless Horseman
31%
Paladin
31%
Pink Jellyfish
31%
Spiked Jungle Slime
31%
Angry Nimbus
30%
Corruptor
30%
Crimson Mimic
30%
Hallowed Mimic
30%
Red Devil
30%
Sand Shark
30%
Wandering Eye
30%
Werewolf
30%
Corrupt Mimic
29%
Fire Imp
29%
Giant Tortoise
29%
Giant Worm
29%
Lava Bat
29%
Moss Hornet
29%
Piranha
29%
Vulture
29%
Wraith
29%
Chaos Elemental
28%
Mummy
28%
Possessed Armor
28%
Spiked Slime
28%
Corrupt Slime
27%
Creeper
27%
Crimera
27%
Ice Bat
27%
Medusa
27%
Sand Slime
27%
Spiked Ice Slime
27%
Antlion Charger
26%
Bone Serpent
26%
Ghost
26%
Goblin Peon
26%
The Hungry
26%
Blood Crawler
25%
Derpling
25%
Probe
25%
Skeleton Archer
25%
Bone Lee
24%
Crimslime
24%
Parrot
24%
Swamp Thing
24%
Corrupt Goldfish
23%
Devourer
23%
Doctor Bones
23%
Dungeon Slime
23%
Antlion Swarmer
22%
Corrupt Bunny
22%
Cursed Skull
22%
Frankenstein
22%
Granite Elemental
22%
Granite Golem
22%
Nailhead
22%
Wolf
22%
Eyezor
21%
Flying Snake
21%
Gastropod
21%
Scarecrow
21%
Snatcher
21%
Squid
21%
True Eye of Cthulhu
21%
Undead Miner
21%
Angry Trapper
20%
Armored Skeleton
20%
Baby Mothron
20%
Dark Mummy
20%
Digger
20%
Hoplite
20%
Ice Elemental
20%
Reaper
20%
Skeleton Sniper
20%
Wall Creeper
20%
Black Recluse
19%
Dark Caster
19%
Enchanted Sword
19%
Herpling
19%
Ice Tortoise
19%
Illuminant Bat
19%
Illuminant Slime
19%
Rune Wizard
19%
Slimer
19%
Undead Viking
19%
Angry Tumbler
18%
Butcher
18%
Elf Copter
18%
Floaty Gross
18%
Ichor Sticker
18%
Light Mummy
18%
Lihzahrd
18%
Martian Probe
18%
Necromancer
18%
Pirate Deckhand
18%
Psycho
18%
Clinger
17%
Ice Mimic
17%
Salamander
17%
Blue Armored Bones
16%
Crawltipede
16%
Creature from the Deep
16%
Dr. Man Fly
16%
Leech
16%
Pigron
16%
Toxic Sludge
16%
Angler Fish
15%
Arapaima
15%
Brain Suckler
15%
Corrupt Penguin
15%
Krampus
15%
Pirate Corsair
15%
Snow Flinx
15%
Tortured Soul
15%
Alien Queen
14%
Deadly Sphere
14%
Diabolist
14%
Dune Splicer
14%
Giant Cursed Skull
14%
Hell Armored Bones
14%
Jungle Creeper
14%
Pirate Crossbower
14%
Pirate Deadeye
14%
Slimeling
14%
Giant Flying Fox
13%
Giant Shelly
13%
Gingerbread Man
13%
Hellhound
13%
Poltergeist
13%
Snowman Gangsta
13%
Star Cell
13%
Tactical Skeleton
13%
Tomb Crawler
13%
Zombie Elf
13%
Crawdad
12%
Etherian Goblin
12%
Ghoul
12%
Meteor Head
12%
Mister Stabby
12%
Raven
12%
Sharkron
12%
Skeleton Commando
12%
World Feeder
12%
Alien Larva
11%
Blazing Wheel
11%
Blood Jelly
11%
Crimson Axe
11%
Cursed Hammer
11%
Etherian Wyvern
11%
Fritz
11%
Kobold
11%
Lamia
11%
Nutcracker
11%
Present Mimic
11%
Rusty Armored Bones
11%
Vortexian
11%
Yeti
11%
Basilisk
10%
Drakin
10%
Icy Merman
10%
Martian Walker
10%
Mothron Egg
10%
Phantasm Dragon
10%
Splinterling
10%
Spore Zombie
10%
Zombie Eskimo
10%
Alien Hornet
9%
Armored Viking
9%
Brain Scrambler
9%
Corite
9%
Cyan Beetle
9%
Dungeon Spirit
9%
Elf Archer
9%
Fungi Bulb
9%
Martian Engineer
9%
Nebula Floater
9%
Ragged Caster
9%
Scutlix
9%
Sea Snail
9%
Spike Ball
9%
Tesla Turret
9%
Ancient Vision
8%
Anomura Fungus
8%
Desert Spirit
8%
Etherian Javelin Thrower
8%
Evolution Beast
8%
Flocko
8%
Gray Grunt
8%
Hoppin' Jack
8%
Mushi Ladybug
8%
Selenian
8%
Sroller
8%
Bone Biter
7%
Cochineal Beetle
7%
Crystal Thresher
7%
Drakomire
7%
Drakomire Rider
7%
Flesh Reaver
7%
Kobold Glider
7%
Lac Beetle
7%
Martian Drone
7%
Martian Officer
7%
Milkyway Weaver
7%
Predictor
7%
Vicious Penguin
7%
Blue Cultist Archer
6%
Dreamer Ghoul
6%
Etherian Goblin Bomber
6%
Etherian Lightning Bug
6%
Flow Invader
6%
Giant Fungi Bulb
6%
Lunatic Devote
6%
Mushroom Zombie
6%
Old One's Skeleton
6%
Plantera's Tentacle
6%
Ray Gunner
6%
Sand Poacher
6%
Shadowflame Apparition
6%
Stargazer
6%
Storm Diver
6%
Twinkle
6%
Twinkle Popper
6%
Ancient Doom
5%
Blood Feeder
5%
Crimtane Bunny
5%
Crimtane Goldfish
5%
Gigazapper
5%
Scutlix Gunner
5%
Snow Bella
5%
Vile Ghoul
5%
Wither Beast
5%
Drakanian
4%
Fungo Fish
4%
Tainted Ghoul
4%
No matching quizzes found
Score Distribution
Percent of People with Each Score
Percentile by Number Answered
Your Score History
You have not taken this quiz